000 00618nam a2200229Ia 4500
003 OSt
005 20220918185607.0
006 a|||||r|||| 00| 0
007 ta
008 220917b |||||||| |||| 00| 0 eng d
024 _a51,602
037 _cTextual
040 _aARTS
_cARTS
_beng
041 _2eng
_aeng
082 _aP111:7x, M8
245 0 _aWritten communication annual
_b an international survey of research and theory
260 _aNew Bury
_bPark Sage Pub
_c1988
300 _a309p.
_ccm.
650 _aLINGUISTICS
942 _hP111:7x, M8
_cTEXL
_2CC
999 _c181194
_d181194